[Event "Novy Bor op-B"]
[Site "Novy Bor"]
[Date "2014.09.25"]
[Round "2"]
[White "Prenosil, Stepan"]
[Black "Liska, Jiri Sr"]
[Result "0-1"]
[WhiteElo "1274"]
[BlackElo "1681"]
[PlyCount "26"]
[EventDate "2014.09.18"]
[EventType "swiss"]
[EventRounds "9"]
[EventCountry "CZE"]
[SourceTitle "EXT 2016"]
[Source "ChessBase"]
[SourceDate "2015.10.08"]
[SourceVersion "1"]
[SourceVersionDate "2015.10.08"]
[SourceQuality "1"]

1. d4 Nf6 2. Nf3 d5 3. Bg5 e6 4. e3 Be7 5. Nc3 h6 6. Bh4 Bb4 7. a3 Bxc3+ 8. bxc3 g5 9. Nxg5 hxg5 10. Bxg5 Nbd7 11. Qf3 c6 12. Qe2 Qa5 13. Qd3 Ne4 0-1

[Event "Novy Bor op-B"]
[Site "Novy Bor"]
[Date "2014.09.18"]
[Round "1"]
[White "Prenosil, Julian"]
[Black "Prenosil, Stepan"]
[Result "0-1"]
[WhiteElo "1239"]
[BlackElo "1274"]
[PlyCount "76"]
[EventDate "2014.09.18"]
[EventType "swiss"]
[EventRounds "9"]
[EventCountry "CZE"]
[SourceTitle "EXT 2016"]
[Source "ChessBase"]
[SourceDate "2015.10.08"]
[SourceVersion "1"]
[SourceVersionDate "2015.10.08"]
[SourceQuality "1"]

1. e4 c5 2. Nf3 d6 3. d4 cxd4 4. Nxd4 Nf6 5. Nc3 a6 6. Bc4 Bg4 7. Nf3 b5 8. Bb3 e6 9. h3 Bh5 10. g4 Bg6 11. Bg5 b4 12. Ne2 Bxe4 13. Ng3 Bb7 14. Ba4+ Nbd7 15. Nh5 Rc8 16. 0-0 Bc6 17. Bxc6 Rxc6 18. Nxf6+ Nxf6 19. Nd4 Rc5 20. Bd2 Qb6 21. c3 bxc3 22. Bxc3 Rc4 23. Nb3 Ne4 24. Qd3 d5 25. Bd4 Bc5 26. Bxc5 Nxc5 27. Nxc5 Qxc5 28. Rac1 Rxc1 29. Qxa6 Rxf1+ 30. Kxf1 0-0 31. Qe2 Qc4 32. b3 Qxe2+ 33. Kxe2 Ra8 34. a4 Rb8 35. a5 Rxb3 36. a6 Rxh3 37. f3 Rh1 38. a7 Ra1 0-1